Desarrollo de un sistema de adquisición de datos de parámetros de calidad del agua abierto con base en un computador monoplaca Raspberry-Pi.
Αποθηκεύτηκε σε:
| Κύριος συγγραφέας: | |
|---|---|
| Άλλοι συγγραφείς: | |
| Μορφή: | Βιβλίο |
| Γλώσσα: | Spanish |
| Έκδοση: |
San José , [Costa Rica]
2023
|
| Θέματα: | |
| Ετικέτες: |
Προσθήκη ετικέτας
Δεν υπάρχουν, Καταχωρήστε ετικέτα πρώτοι!
|
MARC
| LEADER | 00000nam a2200000Ia 4500 | ||
|---|---|---|---|
| 003 | 013888 | ||
| 005 | 20240627103436.0 | ||
| 008 | 140114s2023 cr a m 000 ||spa d | ||
| 040 | |c cru CEDI | ||
| 090 | |a TFG 9029 | ||
| 100 | |a Solé Barahona, Ian Andrew, 1991- |9 3409 | ||
| 245 | |a Desarrollo de un sistema de adquisición de datos de parámetros de calidad del agua abierto con base en un computador monoplaca Raspberry-Pi. | ||
| 260 | |a San José , [Costa Rica] |c 2023 | ||
| 300 | |a [115] hojas : ilustraciones (algunas plegables) ; 28 cm | ||
| 500 | |a Proyecto de graduación (licenciatura en ingeniería química)--Universidad de Costa Rica. Facultad de Ingeniería. Escuela de Ingeniería Química | ||
| 501 | |a Director de Proyecto de Graduación: Ing. Esteban Richmond Salazar | ||
| 650 | |x RASPBERRY PI (COMPUTADORA) |x CALIDAD DEL AGUA |x SENSORES |x TEMPERATURA |x INTERFACES GRAFICAS CON EL USUARIO (SISTEMAS PARA COMPUTADORA) |9 14080 | ||
| 700 | |a Richmond Salazar Esteban, 1979- |d Director del TFG |9 22 | ||
| 942 | |c TFG |h TFG 9029 |i 013888 |6 TFG_9029_013888000000000 | ||
| 999 | |c 20867 |d 20867 | ||
